| 000 | 00705nam a22002297a 4500 | ||
|---|---|---|---|
| 005 | 20170124110253.0 | ||
| 010 | _aB-045750 | ||
| 020 | _c70.00 | ||
| 035 | _aB-045750 | ||
| 037 | _bCen Lib/Ret | ||
| 040 |
_aDPL _bEN |
||
| 082 |
_a649 _bCHI |
||
| 110 |
_aNew Delhi.Unicef _999996 |
||
| 245 |
_aThe child in South Asia : _bissues in development as if children mattered / |
||
| 260 |
_aNew Delhi _bUnited Nations Children's Fund _c1988 |
||
| 270 |
_a73, Lodi Estate _bNew Delhi _e110003 |
||
| 300 |
_axiv,376p. _c21cm(Hb) |
||
| 500 | _aIncludes index | ||
| 650 |
_aChildren -- South Asia. _999997 |
||
| 650 |
_aChild Care -- Southeast Asia. _999998 |
||
| 942 |
_2ddc _cEN _h649 _mCHI |
||
| 999 |
_c135997 _d135997 |
||